00646nam a2200205 a 45000010005000000030009000050080041000140200015000550400028000700820015000981000021001132450102001342500006002362600031002423000010002735050053002836500025003366500047003616500032004087294CO-ViMGA141112s2004 ck r 000 u spa d a9682439698 aCO-ViMGAbspacCO-ViMGA04a371.9 B7421 aBricker, Diane D10aEducación temprana de niños en riesgo y disminución : bde la primera infancia a preescolar a1 aMexico : bTrillas, c1991 a454 p a1. Teoria y fundamentos \ 2. Aplicacion practica14aeducación ESPECIAL14aNIÑOS IMPEDIDOS - educación PREESCOLAR14aNIÑOS IMPEDIDOS - PRUEBAS